<?xml version="1.0" encoding="UTF-8"?>
<record
    xmlns:xsi="http://www.w3.org/2001/XMLSchema-instance"
    xsi:schemaLocation="http://www.loc.gov/MARC21/slim http://www.loc.gov/standards/marcxml/schema/MARC21slim.xsd"
    xmlns="http://www.loc.gov/MARC21/slim">

  <leader>01230nam a2200253 a 4500</leader>
  <controlfield tag="001">59378</controlfield>
  <controlfield tag="003">BD-RjUL</controlfield>
  <controlfield tag="005">20211209080725.0</controlfield>
  <controlfield tag="008">161224s2011    bg ||||| |||| 00| 0 ben d</controlfield>
  <datafield tag="020" ind1=" " ind2=" ">
    <subfield code="c">: Tk. 550.00</subfield>
  </datafield>
  <datafield tag="035" ind1=" " ind2=" ">
    <subfield code="a">(BD-RjUL)59502</subfield>
  </datafield>
  <datafield tag="040" ind1=" " ind2=" ">
    <subfield code="a">BD-RjUL</subfield>
    <subfield code="b">ben</subfield>
    <subfield code="c">BD-RjUL</subfield>
    <subfield code="d">BD-RjUL</subfield>
  </datafield>
  <datafield tag="041" ind1=" " ind2=" ">
    <subfield code="a">ben</subfield>
  </datafield>
  <datafield tag="082" ind1=" " ind2=" ">
    <subfield code="2">23</subfield>
    <subfield code="a">342.0878</subfield>
    <subfield code="b">SIN 2011</subfield>
  </datafield>
  <datafield tag="100" ind1="1" ind2=" ">
    <subfield code="a">&#x9B8;&#x9BF;&#x9A6;&#x9CD;&#x9A6;&#x9BF;&#x995;, &#x98F; &#x9AC;&#x9BF; </subfield>
    <subfield code="9">143803</subfield>
  </datafield>
  <datafield tag="245" ind1="1" ind2="0">
    <subfield code="a">&#x9A8;&#x9BE;&#x9B0;&#x9C0; &#x993; &#x9B6;&#x9BF;&#x9B6;&#x9C1; &#x9A8;&#x9BF;&#x9B0;&#x9CD;&#x9AF;&#x9BE;&#x9A4;&#x9A8; &#x9A6;&#x9AE;&#x9A8; &#x986;&#x987;&#x9A8; &#x98F;&#x9AC;&#x982; &#x985;&#x9A8;&#x9CD;&#x9AF;&#x9BE;&#x9A8;&#x9CD;&#x9AF; &#x9AA;&#x9CD;&#x9B0;&#x9BE;&#x9B8;&#x999;&#x9CD;&#x997;&#x9BF;&#x995; &#x986;&#x987;&#x9A8; :</subfield>
    <subfield code="b">(&#x987;&#x982;&#x9B0;&#x9C7;&#x99C;&#x9C0; &#x9AD;&#x9BE;&#x9B0;&#x9CD;&#x9B7;&#x9A8; &#x9AE;&#x9C2;&#x9B2; &#x9AC;&#x9BE;&#x982;&#x9B2;&#x9BE; &#x9AA;&#x9BE;&#x9A0;) (&#x9AC;&#x9BF;&#x9B6;&#x9CD;&#x9B2;&#x9C7;&#x9B7;&#x9A3; &#x993; &#x989;&#x99A;&#x9CD;&#x99A;&#x9A4;&#x9B0; &#x986;&#x9A6;&#x9BE;&#x9B2;&#x9A4;&#x9C7;&#x9B0; &#x9B8;&#x9BF;&#x9A6;&#x9CD;&#x9A7;&#x9BE;&#x9A8;&#x9CD;&#x9A4; &#x9B8;&#x9B9;) /</subfield>
    <subfield code="c">&#x98F; &#x9AC;&#x9BF; &#x9B8;&#x9BF;&#x9A6;&#x9CD;&#x9A6;&#x9BF;&#x995; &#x993; &#x9AC;&#x9BE;&#x9B9;&#x9BE;&#x989;&#x9A6;&#x9CD;&#x9A6;&#x9BF;&#x9A8; &#x986;&#x9B9;&#x9AE;&#x9C7;&#x9A6;</subfield>
  </datafield>
  <datafield tag="250" ind1=" " ind2=" ">
    <subfield code="a">&#x9EA;&#x9B0;&#x9CD;&#x9A5; &#x9B8;&#x982;.</subfield>
  </datafield>
  <datafield tag="260" ind1=" " ind2=" ">
    <subfield code="a">&#x9A2;&#x9BE;&#x995;&#x9BE; : </subfield>
    <subfield code="b">&#x9B8;&#x9BE;&#x9AE;&#x99B;&#x9C1; &#x9AA;&#x9BE;&#x9AC;&#x9B2;&#x9BF;&#x995;&#x9C7;&#x9B6;&#x9A8;&#x9CD;&#x9B8;, </subfield>
    <subfield code="c">&#x9E8;&#x9E6;&#x9E7;&#x9E7;</subfield>
  </datafield>
  <datafield tag="300" ind1=" " ind2=" ">
    <subfield code="a">[&#x9E8;&#x9EE;], &#x964;&#x9EA;&#x9EC;&#x9EC; &#x9AA;&#x9C3;. ; </subfield>
    <subfield code="c">&#x9E8;&#x9E7; &#x9B8;&#x9C7;&#x9AE;&#x9BF;.</subfield>
  </datafield>
  <datafield tag="650" ind1=" " ind2=" ">
    <subfield code="a">&#x9AE;&#x9B9;&#x9BF;&#x9B2;&#x9BE; &#x986;&#x987;&#x9A8;</subfield>
    <subfield code="9">144245</subfield>
  </datafield>
  <datafield tag="650" ind1=" " ind2=" ">
    <subfield code="a">Woman Law </subfield>
    <subfield code="9">144246</subfield>
  </datafield>
  <datafield tag="700" ind1=" " ind2=" ">
    <subfield code="a">&#x986;&#x9B9;&#x9AE;&#x9C7;&#x9A6;, &#x9AC;&#x9BE;&#x9B9;&#x9BE;&#x989;&#x9A6;&#x9CD;&#x9A6;&#x9BF;&#x9A8; </subfield>
    <subfield code="9">176612</subfield>
  </datafield>
  <datafield tag="942" ind1=" " ind2=" ">
    <subfield code="2">ddc</subfield>
    <subfield code="c">BK</subfield>
  </datafield>
  <datafield tag="999" ind1=" " ind2=" ">
    <subfield code="c">59378</subfield>
    <subfield code="d">59378</subfield>
  </datafield>
  <datafield tag="952" ind1=" " ind2=" ">
    <subfield code="0">0</subfield>
    <subfield code="1">0</subfield>
    <subfield code="2">ddc</subfield>
    <subfield code="4">0</subfield>
    <subfield code="7">1</subfield>
    <subfield code="8">NFIC</subfield>
    <subfield code="a">RUCL</subfield>
    <subfield code="b">RUCL</subfield>
    <subfield code="c">Reading</subfield>
    <subfield code="d">2011-10-20</subfield>
    <subfield code="e">Author, Rajshahi.</subfield>
    <subfield code="g">550.00</subfield>
    <subfield code="l">0</subfield>
    <subfield code="o">B 342.0878 SIN 2011</subfield>
    <subfield code="r">2016-12-24 00:00:00</subfield>
    <subfield code="t">C-1</subfield>
    <subfield code="w">2016-12-24</subfield>
    <subfield code="y">BK</subfield>
  </datafield>
</record>
